Biggest Asian "M" Cities by Picture - Statistics

General Stats
  • This quiz has been taken 100 times
  • The average score is 7 of 16
Answer Stats
Picture Hint Answer % Correct
🇮🇳 18,390,000 Mumbai
99%
🇸🇦 2,390,000 Mecca
96%
🇵🇭 25,440,000 Manila
94%
🇸🇦 1,410,000 Medina
82%
🇮🇷 3,000,000 Mashhad
52%
🇮🇶 1,360,000 Mosul
51%
🇮🇩 2,100,000 Medan
48%
🇲🇲 1,230,000 Mandalay
46%
🇵🇰 1,870,000 Multān
29%
🇹🇷 1,040,000 Mersin
25%
🇮🇩 1,330,000 Makassar
22%
🇮🇳 1,470,000 Madurai
19%
🇮🇳 1,420,000 Meerut
11%
🇨🇳 1,310,000 Màomíng
9%
🇨🇳 1,550,000 Miányáng
8%
🇮🇳 1,700,000 Malappuram
3%
No matching quizzes found
Score Distribution
Percent of People with Each Score
Percentile by Number Answered
Your Score History
You have not taken this quiz